Homophone Combos - Statistics

General Stats
  • This quiz has been taken 14 times
  • The average score is 8 of 20
Answer Stats
Hint Answer % Correct
Genuine fishing equipment Real reel
100%
Scribbles left behind by Karl or Harpo Marx marks
89%
Episodic TV show about Cap'n Crunch Cereal serial
67%
People who work for Celebrity, Carnival, or Norwegian Cruise crews
67%
Respiratory illness caused by fireplace flap Flue flu
67%
Employ female sheep Use ewes
67%
A weird marketplace Bizarre bazaar
56%
A gentle wind coming off a creamy French cheese Brie's breeze
56%
Talking Heads frontman's cooking injuries Byrne's burns
56%
A more ordinary wood shaver Plainer planer
44%
An official rabbit habitat of Brooklyn or Queens Borough burrow
33%
Banknote from Brno Czech check
33%
Prevailed for the first time Won one
33%
Lacquer from Lapland Finnish finish
22%
Grocery reminders jotted down by a 19th century Hungarian composer Liszt List
22%
Genesis drummer's occasional flourishes Phil's fills
11%
Bans detection technology Censors sensors
0%
Dried wheat grains prepared for an ancient Egyptian despot Pharoah farro
0%
A watery-eyed cohabitant Rheumy roomie
0%
The Crown Prince of Dubai's frosty dessert beverage Sheik shake
0%
No matching quizzes found
Score Distribution
Percent of People with Each Score
Percentile by Number Answered
Your Score History
You have not taken this quiz